000 00795nam a2200205Ia 4500
003 GCL
008 140319s9999 xx 000 0 ara d
040 _aGCL /
_cGCL
082 0 4 _a239.2
_bم ت
100 1 _aمحمود باشا الفلكى
245 1 0 _aالتقويم العربى قبل الاسلام وتاريخ ميلاد الرسول وهجرته صلى الله عليه وسلم /
_cمحمود باشا الفلكى
700 1 _aمحمود صالح الفلكى (مترجم)
260 _a[S.N] :
_bمجمع البحوث الاسلامية ،
_c1969
300 _a111 ص
490 _aسلسلة البحوث الاسلامية
_v0
650 0 4 _aالسيرة النبوية
650 0 4 _aالتاريخ الاسلامى
650 0 4 _aهجرة الرسول
942 _2ddc
_cBK
999 _c36113
_d36113